000 00364nam a2200145Ia 4500
008 230711s9999||||xx |||||||||||||| ||und||
041 _aENG
082 _a800
_bCA-A
100 _aCady,Dorothy
245 0 _aAccelrated netwave 5 CNA study guide
250 _a1st Ed.
260 _c1999
_aNew Delhi
_bNew Delhi ISTE Publication
650 _aLiterature
942 _cBK
999 _c3697
_d3697